[Event "TUR-ch U20"]
[Site "Samsun"]
[Date "2023.05.20"]
[Round "2"]
[White "Hasirci, Ali Eren"]
[Black "Isilak, Enes"]
[Result "0-1"]
[WhiteElo "1284"]
[BlackElo "2181"]
[PlyCount "60"]
[EventDate "2023.05.19"]
[EventType "swiss"]
[EventRounds "9"]
[EventCountry "TUR"]
[SourceTitle "CBM 214 Extra"]
[Source "ChessBase"]
[SourceDate "2023.07.31"]
[SourceVersion "1"]
[SourceVersionDate "2023.07.31"]
[SourceQuality "1"]

1. d4 Nf6 2. e3 d5 3. Bd3 c5 4. c3 e6 5. f4 Bd6 6. Nf3 0-0 7. 0-0 b6 8. Nbd2 cxd4 9. cxd4 Ba6 10. Qe2 Bxd3 11. Qxd3 Nc6 12. a3 Ne7 13. Ne5 Qc8 14. e4 Qb7 15. exd5 Qxd5 16. Ndf3 Rac8 17. Bd2 Nf5 18. Be1 Qe4 19. Qxe4 Nxe4 20. Bf2 Rc2 21. Nd3 Rfc8 22. g3 f6 23. Rac1 Nxf2 24. Rxc2 Nh3+ 25. Kg2 Nxf4+ 26. Nxf4 Rxc2+ 27. Kh3 g5 28. Ne1 Rd2 29. Nfg2 h5 30. g4 Ne3 0-1